| 000 | 00626nam a2200193Ia 4500 | ||
|---|---|---|---|
| 008 | 151121s9999||||xx |||||||||||||| ||und|| | ||
| 082 | _a812/गोडबो | ||
| 082 | _bHNW-15974 | ||
| 100 | _aगोडबोले जी। टी। | ||
| 245 | _aपतिव्रता | ||
| 260 | _bदि डेक्कन पब्लिशर्स लि। पुणे। | ||
| 260 | _c-- | ||
| 300 | _a54 | ||
| 600 | _aगोडबोले जी। टी। | ||
| 630 | _aपतिव्रता | ||
| 700 | _aगोडबोले जी। टी। | ||
| 730 | _aपतिव्रता | ||
| 942 | _cBOOK | ||
| 999 |
_c1218918 _d1218915 |
||